<?xml version="1.0" encoding="UTF-8"?>
<collection xmlns="http://www.loc.gov/MARC21/slim">
 <record>
  <leader>01066nam a22002175a 4500</leader>
  <controlfield tag="001">CEM.cems018540</controlfield>
  <controlfield tag="005">20160408100828.0</controlfield>
  <controlfield tag="008">130507s1976##################000#0#####d</controlfield>
  <controlfield tag="003">CEMS</controlfield>
  <datafield tag="082" ind1="0" ind2="4">
   <subfield code="a">636.5</subfield>
  </datafield>
  <datafield tag="100" ind1="1" ind2=" ">
   <subfield code="a">Ensminger, M. E.</subfield>
  </datafield>
  <datafield tag="245" ind1="1" ind2="0">
   <subfield code="a">Producción avícola /</subfield>
   <subfield code="c">M. E. Ensminger</subfield>
  </datafield>
  <datafield tag="260" ind1=" " ind2=" ">
   <subfield code="a">Buenos Aires :</subfield>
   <subfield code="b">El Ateneo,</subfield>
   <subfield code="c">1976</subfield>
  </datafield>
  <datafield tag="300" ind1=" " ind2=" ">
   <subfield code="a">282 p.</subfield>
  </datafield>
  <datafield tag="490" ind1="0" ind2=" ">
   <subfield code="a">Biblioteca de Producción Animal</subfield>
  </datafield>
  <datafield tag="505" ind1="0" ind2=" ">
   <subfield code="a">Industria de las aves de corral -- Razas y reproducción de las aves de corral -- Selección y descarte -- Nutrición y alimentación de las aves de corral -- Alojamiento y equipo para las aves de corral -- Sanidad avícola, prevención de enfermedades y control parasitario -- Especialización. Aspectos comerciales de la actividad avícola -- Manejo de aves -- Aspectos comerciales de la producción avícola -- El huevo -- Comercialización de aves y  huevos</subfield>
  </datafield>
  <datafield tag="653" ind1=" " ind2=" ">
   <subfield code="a">Avícultura</subfield>
  </datafield>
  <datafield tag="653" ind1=" " ind2=" ">
   <subfield code="a">Aves de corral</subfield>
  </datafield>
  <datafield tag="653" ind1=" " ind2=" ">
   <subfield code="a">Sanidad avícola</subfield>
  </datafield>
  <datafield tag="653" ind1=" " ind2=" ">
   <subfield code="a">Producción avícola</subfield>
  </datafield>
  <datafield tag="859" ind1=" " ind2=" ">
   <subfield code="a">CEMS</subfield>
   <subfield code="b">BIB. CEMS - Agricultura</subfield>
   <subfield code="h">636.5</subfield>
   <subfield code="i">En78</subfield>
   <subfield code="p">A2857.16</subfield>
   <subfield code="t">Ej.1</subfield>
  </datafield>
 </record>
</collection>
